|
|
|
|
| LEADER |
00000nam0a2200000 4500 |
| 001 |
272380 |
| 005 |
20231101234528.0 |
| 035 |
|
|
|a (RuTPU)RU\TPU\book\295586
|
| 090 |
|
|
|a 272380
|
| 100 |
|
|
|a 20141017d1986 k y0rusy50 ca
|
| 101 |
0 |
|
|a rus
|
| 102 |
|
|
|a UA
|
| 105 |
|
|
|a a z 001zy
|
| 200 |
1 |
|
|a Экономические, технические и организационные основы охраны вод
|e сборник научных трудов
|f Всесоюзный научно-исследовательский институт по охране вод (ВНИИВО)
|
| 210 |
|
|
|a Харьков
|c Изд-во ВНИИВО
|d 1986
|
| 215 |
|
|
|a 192 с.
|c ил.
|
| 320 |
|
|
|a Библиография в конце статей
|
| 606 |
1 |
|
|a Воды природные
|x Охрана
|2 stltpush
|3 (RuTPU)RU\TPU\subj\38961
|9 59205
|
| 610 |
1 |
|
|a качество
|
| 610 |
1 |
|
|a качественные показатели
|
| 610 |
1 |
|
|a сравнение
|
| 610 |
1 |
|
|a контроль
|
| 610 |
1 |
|
|a управление
|
| 610 |
1 |
|
|a подземные воды
|
| 610 |
1 |
|
|a искусственное пополнение
|
| 610 |
1 |
|
|a водоохранные мероприятия
|
| 610 |
1 |
|
|a защита
|
| 610 |
1 |
|
|a нормирование
|
| 610 |
1 |
|
|a водные объекты
|
| 610 |
1 |
|
|a загрязнение
|
| 610 |
1 |
|
|a вредные вещества
|
| 610 |
1 |
|
|a предельно допустимые сбросы
|
| 610 |
1 |
|
|a расчет
|
| 610 |
1 |
|
|a экономическая оценка
|
| 675 |
|
|
|a 504.4
|v 4
|
| 712 |
0 |
2 |
|a Всесоюзный научно-исследовательский институт по охране вод (ВНИИВО)
|c (Харьков)
|c (1971-1991)
|2 stltpush
|3 (RuTPU)RU\TPU\col\19490
|
| 801 |
|
1 |
|a RU
|b 63413507
|c 20141017
|
| 801 |
|
2 |
|a RU
|b 63413507
|c 20170316
|g RCR
|
| 942 |
|
|
|c BK
|